000 00545nam a22002057a 4500
005 20251108172635.0
008 250721s1999 xx 000 0 ara d
082 1 4 _aم/929,7/خير
100 1 _aخير، هاني
245 1 0 _aالهاشميون /
264 1 _aعمان :
_c1999.
300 _a620 ص.
650 1 7 _aالأنسان
650 1 7 _aالهاشميون
650 1 7 _aعهد الملك حسين 1953 -1999
650 1 7 _aتاريخ العرب
650 1 7 _aتاريخ الأردن
942 _2ddc
_cREF
999 _c84736
_d84736